[Event "COMMONWEALTH CHESS CHAMPIONSHI"]
[Site "Nagpur,India"]
[Date "2008.10.02"]
[Round "6.74"]
[White "Dave, Shiv Shankar"]
[Black "Ganesh, Babu S"]
[Result "0-1"]
[WhiteElo "1959"]
[BlackElo "2109"]
[PlyCount "66"]
[EventDate "2008.09.28"]

1. d4 Nf6 2. c4 e6 3. a3 d5 4. Nc3 Be7 5. Bf4 O-O 6. e3 a6 7. Nf3 c5 8. dxc5
Bxc5 9. cxd5 exd5 10. Qc2 Nc6 11. Rd1 d4 12. Ne2 Qa5+ 13. b4 Bxb4+ 14. Nd2 Bf5
15. Qa2 Bxa3 16. Nxd4 Nxd4 17. exd4 Rfe8+ 18. Be3 Nd5 19. Qb3 Nb4 20. Bc4 Bc2
21. Qc3 Bxd1 22. Kxd1 b5 23. Nb3 Qa4 24. Kd2 bxc4 25. Nc5 Qc6 26. Qxa3 Qxg2 27.
Re1 Nd5 28. Kc1 Nxe3 29. fxe3 a5 30. Na4 Rad8 31. Nc5 Rxd4 32. Qxa5 Rd5 33. e4
Qg5+ {White Resigns} 0-1

[Event "COMMONWEALTH CHESS CHAMPIONSHI"]
[Site "Nagpur,India"]
[Date "2008.10.02"]
[Round "6.77"]
[White "Eshwanth Dev Kumar J"]
[Black "Preethi, R."]
[Result "1/2-1/2"]
[WhiteElo "1826"]
[BlackElo "2183"]
[PlyCount "74"]
[EventDate "2008.09.28"]

1. e4 c5 2. Nf3 Nc6 3. d4 cxd4 4. Nxd4 Nf6 5. Nc3 e5 6. Ndb5 d5 7. Nxd5 Nxd5 8.
exd5 Nb8 9. c4 a6 10. Nc3 Be7 11. Be3 O-O 12. f3 f5 13. Bd3 Bg5 14. Bf2 Nd7 15.
O-O Rb8 16. b4 b6 17. Qc2 Qf6 18. Rab1 Bh4 19. g3 Qg6 20. Kh1 Be7 21. a4 Bb7
22. Rg1 Qh5 23. Kg2 Rbc8 24. Qa2 Kh8 25. h3 Qf7 26. Qe2 Rce8 27. Rbf1 Bd8 28.
Bb1 Bc8 29. Ba2 Qg6 30. Kh2 Qf6 31. Qc2 Qh6 32. Kg2 Bg5 33. Re1 Bd8 34. Rh1 Qg6
35. Rhg1 Qh5 36. Rh1 Qg6 37. Rhg1 Qh5 {Three fold} 1/2-1/2

[Event "COMMONWEALTH CHESS CHAMPIONSHI"]
[Site "Nagpur,India"]
[Date "2008.10.02"]
[Round "6.78"]
[White "Antonio, Viani D'cunha"]
[Black "Shoumi, Mukerjee"]
[Result "1-0"]
[WhiteElo "2115"]
[BlackElo "1790"]
[PlyCount "115"]
[EventDate "2008.09.28"]

1. e4 c5 2. Nc3 Nc6 3. f4 g6 4. Nf3 Bg7 5. Bb5 Nd4 6. O-O e6 7. e5 a6 8. Bd3 d5
9. Nxd4 cxd4 10. Ne2 Qb6 11. a4 Ne7 12. a5 Qa7 13. b3 Nc6 14. Bb2 Bf8 15. Kh1
Bb4 16. Ra4 Bc5 17. Qe1 Bd7 18. Ra1 Rc8 19. c3 dxc3 20. dxc3 h5 21. Rf3 Nb8 22.
b4 Be7 23. Bc1 Bb5 24. Be3 Qa8 25. Bxb5+ axb5 26. Bb6 Rc4 27. Nd4 Qa6 28. Nc2
Nd7 29. Bd4 Nb8 30. Na3 Rc8 31. Qf1 Nc6 32. Qxb5 Qxb5 33. Nxb5 Nxd4 34. Nxd4
Kd7 35. Kg1 Rc4 36. Rb1 Rhc8 37. Rb3 Bh4 38. Kf1 Be7 39. Ke2 Bd8 40. Kd3 Be7
41. Rf1 Bd8 42. g3 Ra8 43. Ra1 Rac8 44. a6 bxa6 45. Rxa6 h4 46. b5 hxg3 47.
hxg3 Rb8 48. Rd6+ Ke8 49. b6 Be7 50. Rc6 Rxc6 51. Nxc6 Rb7 52. Kd4 Kd7 53. Nxe7
Kxe7 54. Kc5 Kd7 55. Ra3 Kc8 56. Ra8+ Kd7 57. Ra7 Kc8 58. Kc6 {Black Resigns}
1-0

[Event "COMMONWEALTH CHESS CHAMPIONSHI"]
[Site "Nagpur,India"]
[Date "2008.10.02"]
[Round "6.79"]
[White "Mitali, Madhukar Patil"]
[Black "Anantharam, R U."]
[Result "1-0"]
[WhiteElo "2050"]
[BlackElo "1782"]
[PlyCount "43"]
[EventDate "2008.09.28"]

1. e4 c5 2. Nc3 Nc6 3. f4 g6 4. Nf3 Bg7 5. Bb5 Nd4 6. O-O Nxb5 7. Nxb5 d5 8.
exd5 Bf5 9. Re1 a6 10. Nc3 Nf6 11. Qe2 b5 12. Ne5 Qc7 13. Nc6 e6 14. Ne5 h5 15.
dxe6 fxe6 16. d3 h4 17. Ne4 Nd5 18. c4 Nxf4 19. Bxf4 Bxe5 20. Nf6+ Kf7 21. Bxe5
Qb7 22. Ne4 {Black Resigns} 1-0

[Event "COMMONWEALTH CHESS CHAMPIONSHI"]
[Site "Nagpur,India"]
[Date "2008.10.02"]
[Round "6.80"]
[White "Majumdar, Chandrasish"]
[Black "Sunyasakta, Satpathy"]
[Result "1-0"]
[WhiteElo "2050"]
[BlackElo "1753"]
[PlyCount "53"]
[EventDate "2008.09.28"]

1. e4 e5 2. Nf3 Nc6 3. Bb5 a6 4. Ba4 Nf6 5. O-O Be7 6. d3 b5 7. Bb3 d6 8. c3
O-O 9. Re1 Bg4 10. Bg5 Nd7 11. Be3 Na5 12. Bc2 c5 13. h3 Bh5 14. Nbd2 Qc7 15.
Nf1 f5 16. exf5 Rxf5 17. g4 Qc6 18. N3h2 Bg5 19. Ng3 Bf7 20. Nxf5 Bd8 21. b4
cxb4 22. cxb4 Nb7 23. Rc1 Nf6 24. g5 Nd5 25. Bb3 Qd7 26. Qg4 Nxb4 27. Nh6+ {
Black Resigns} 1-0

[Event "COMMONWEALTH CHESS CHAMPIONSHI"]
[Site "Nagpur,India"]
[Date "2008.10.02"]
[Round "6.81"]
[White "Hetul, Shah"]
[Black "De Silva, Osheen"]
[Result "0-1"]
[WhiteElo "1815"]
[BlackElo "2022"]
[PlyCount "124"]
[EventDate "2008.09.28"]

1. c4 Nf6 2. Nc3 g6 3. g3 Bg7 4. Bg2 O-O 5. Nf3 c6 6. O-O d5 7. cxd5 Nxd5 8. d4
Nxc3 9. bxc3 Nd7 10. Ba3 Re8 11. e3 Qc7 12. Nd2 e5 13. Nb3 Nb6 14. Bc5 Na4 15.
Rc1 Nxc5 16. Nxc5 b6 17. Nd3 Ba6 18. Re1 e4 19. Nf4 Bc4 20. Rc2 b5 21. Bf1 Bxf1
22. Rxf1 a5 23. c4 b4 24. c5 g5 25. Nh5 f5 26. Rb2 Qf7 27. Nxg7 Kxg7 28. f4 g4
29. Qc2 h5 30. Rfb1 Ra7 31. Qb3 h4 32. Kg2 hxg3 33. hxg3 Rh8 34. Rh1 Rxh1 35.
Kxh1 Ra8 36. Rh2 Qxb3 37. axb3 a4 38. Rb2 Kf6 39. Kg1 Ke6 40. Kf1 Kd5 41. bxa4
Kc4 42. Ke2 Kc3 43. Rb1 b3 44. Rc1+ Kb2 45. Rc4 Ka1 46. Rc1+ Ka2 47. Kd2 b2 48.
Rc2 Ka1 49. Rc4 b1=Q 50. Rc1 Rxa4 51. Rxb1+ Kxb1 52. Kc3 Ra3+ 53. Kb4 Rxe3 54.
d5 cxd5 55. c6 Re1 56. Kc3 d4+ 57. Kxd4 Rc1 58. Kd5 e3 59. Kd6 e2 60. c7 e1=Q
61. Kd7 Rxc7+ 62. Kxc7 Qe6 0-1

[Event "COMMONWEALTH CHESS CHAMPIONSHI"]
[Site "Nagpur,India"]
[Date "2008.10.02"]
[Round "6.83"]
[White "Nandhidhaa, P  V."]
[Black "Devesh, Mukherjee"]
[Result "0-1"]
[WhiteElo "1797"]
[BlackElo "2004"]
[PlyCount "108"]
[EventDate "2008.09.28"]

1. e4 d6 2. d4 Nf6 3. Nc3 Nbd7 4. Nf3 e5 5. Bc4 Be7 6. O-O O-O 7. Qe2 c6 8. Bg5
b5 9. Bd3 Qc7 10. a3 a6 11. Nh4 exd4 12. Nf5 Nb6 13. Nxd4 c5 14. e5 dxe5 15.
Nf5 Bxf5 16. Bxf5 Nfd5 17. Ne4 Bxg5 18. Nxg5 g6 19. Be4 Qe7 20. Nf3 Nf4 21. Qe3
Nc4 22. Qe1 Rad8 23. g3 Nh3+ 24. Kg2 Ng5 25. Nxg5 Qxg5 26. b3 Nd2 27. Rh1 f5
28. Bb7 Qe7 29. Bxa6 Qa7 30. Kh3 Nf3 31. Qe3 Nd4 32. c3 f4 33. Qd3 Qxa6 34.
cxd4 Qe6+ 35. g4 Rxd4 36. Qxb5 h5 37. f3 hxg4+ 38. fxg4 Kg7 39. Qb7+ Kf6 40.
Qf3 Kg5 41. Kg2 Qxg4+ 42. Qxg4+ Kxg4 43. h3+ Kf5 44. Kf2 Rfd8 45. Rae1 Rd2+ 46.
Re2 e4 47. Rhe1 f3 48. Rxd2 Rxd2+ 49. Kf1 Kf4 50. a4 Kg3 51. a5 Rf2+ 52. Kg1
Ra2 53. Kf1 Rh2 54. Kg1 f2+ 0-1

[Event "COMMONWEALTH CHESS CHAMPIONSHI"]
[Site "Nagpur,India"]
[Date "2008.10.02"]
[Round "6.86"]
[White "Lolla, Sembhu"]
[Black "Harshal, Shahi"]
[Result "1-0"]
[WhiteElo "1945"]
[BlackElo "1706"]
[PlyCount "145"]
[EventDate "2008.09.28"]

1. e3 d5 2. g3 e5 3. Bg2 Nf6 4. Ne2 Be7 5. d4 e4 6. c4 c6 7. Nbc3 O-O 8. O-O
Bg4 9. Qb3 Qd7 10. cxd5 cxd5 11. Nf4 Rd8 12. h3 Bf3 13. Bxf3 exf3 14. Qd1 g5
15. Nd3 Qxh3 16. Qxf3 Nc6 17. Ne5 Nxe5 18. dxe5 Ng4 19. Qg2 Qxg2+ 20. Kxg2 Nxe5
21. Rd1 g4 22. Nxd5 Bf8 23. e4 Bg7 24. Bg5 Rd7 25. Nf6+ Bxf6 26. Bxf6 Rxd1 27.
Rxd1 Re8 28. Rd5 Nf3 29. Rd7 h6 30. Rxb7 Rxe4 31. Bc3 a6 32. Rb8+ Kh7 33. Rh8+
Kg6 34. Rg8+ Kf5 35. Ra8 f6 36. Ra7 Re6 37. Rc7 Kg6 38. a4 Rd6 39. Kf1 Re6 40.
Rd7 Nh2+ 41. Kg2 Nf3 42. a5 Kf5 43. Rb7 Rd6 44. Rb6 Re6 45. b4 Ne5 46. Rxe6
Kxe6 47. Bxe5 Kxe5 48. b5 Kd6 49. b6 Kc6 50. Kf1 h5 51. Ke2 f5 52. Ke3 Kd6 53.
Kf4 Kc6 54. Kxf5 Kd6 55. Kg5 Kc5 56. Kxh5 Kb5 57. b7 Kxa5 58. b8=Q Ka4 59. Qf4+
Kb5 60. Qxg4 a5 61. f4 Kb4 62. f5+ Kb3 63. f6 a4 64. f7 a3 65. f8=Q a2 66. Qe6+
Kb2 67. Qf2+ Kc3 68. Qee3+ Kc4 69. Qff4+ Kb5 70. Qee5+ Kb6 71. Qff6+ Kb7 72.
Qee7+ Kb8 73. Qff8# 1-0

[Event "COMMONWEALTH CHESS CHAMPIONSHI"]
[Site "Nagpur,India"]
[Date "2008.10.02"]
[Round "6.87"]
[White "Shweta, Gole"]
[Black "Wijesuriya, G V."]
[Result "1-0"]
[WhiteElo "1784"]
[BlackElo "1941"]
[PlyCount "47"]
[EventDate "2008.09.28"]

1. d4 d5 2. c4 c6 3. Nc3 Nf6 4. Nf3 e6 5. Bg5 Nbd7 6. e3 Bb4 7. Bd3 Qa5 8. O-O
Bxc3 9. bxc3 dxc4 10. Bxc4 Ne4 11. Bf4 Qxc3 12. Rc1 Qa3 13. Qc2 Nef6 14. e4 Nb6
15. Bd3 h6 16. Rfe1 O-O 17. Qd2 Nh7 18. Re3 Qe7 19. Ne5 Qh4 20. Rg3 Kh8 21. Rh3
Qf6 22. Ng4 Qxd4 23. Be5 Qd8 24. Qxh6 1-0

[Event "COMMONWEALTH CHESS CHAMPIONSHI"]
[Site "Nagpur,India"]
[Date "2008.10.02"]
[Round "6.88"]
[White "Soumya, Shrivastava"]
[Black "R  K  Gupta"]
[Result "0-1"]
[WhiteElo "1768"]
[BlackElo "1935"]
[PlyCount "96"]
[EventDate "2008.09.28"]

1. e4 e5 2. Nf3 Nc6 3. Bb5 Bc5 4. O-O Qe7 5. c3 a6 6. Ba4 b5 7. Bc2 d6 8. d4
Bb6 9. h3 h6 10. Be3 g5 11. Nh2 Nf6 12. Re1 Rg8 13. d5 Nb8 14. a4 g4 15. axb5
gxh3 16. g3 Ng4 17. Nxg4 Bxg4 18. Qd3 a5 19. Bd1 Nd7 20. Bxb6 Nxb6 21. Bxg4
Rxg4 22. Nd2 Qf6 23. Qf3 Qg5 24. Qe3 Qh5 25. Kh2 Ke7 26. Qe2 f5 27. c4 f4 28.
Rg1 Qg6 29. Qf3 Rf8 30. gxf4 Rfxf4 31. Rxg4 Rxg4 32. b3 Qg5 33. Rd1 h5 34. Nb1
Rg2+ 35. Kh1 Nd7 36. Nd2 Nc5 37. Qxh3 Rg4 38. Nf3 Qf4 39. Rg1 Nxe4 40. Rxg4
Nxf2+ 41. Kg2 Nxh3 42. Rxf4 Nxf4+ 43. Kg3 Kf6 44. Nd2 Kf5 45. Kf3 Nd3 46. Ne4
Nc5 47. Nd2 e4+ 48. Ke2 Kf4 0-1

[Event "COMMONWEALTH CHESS CHAMPIONSHI"]
[Site "Nagpur,India"]
[Date "2008.10.02"]
[Round "6.89"]
[White "Wettasinghe, S V."]
[Black "Atishay, Ajmera"]
[Result "1/2-1/2"]
[WhiteElo "1765"]
[BlackElo "1931"]
[PlyCount "37"]
[EventDate "2008.09.28"]

1. e4 e6 2. d4 d5 3. exd5 exd5 4. Bd3 Bd6 5. c3 Nc6 6. Be3 Nge7 7. Ne2 O-O 8.
O-O Bf5 9. Ng3 Bg6 10. f4 Bxd3 11. Qxd3 f5 12. Nd2 Qd7 13. Nf3 Ng6 14. Ne5 Bxe5
15. dxe5 Ngxe5 16. fxe5 f4 17. Bc5 fxg3 18. Bxf8 gxh2+ 19. Kxh2 1/2-1/2

[Event "COMMONWEALTH CHESS CHAMPIONSHI"]
[Site "Nagpur,India"]
[Date "2008.10.02"]
[Round "6.90"]
[White "Mithil, Ajgaonkar"]
[Black "Prajapati, Malhar"]
[Result "1-0"]
[WhiteElo "1930"]
[BlackElo "1598"]
[PlyCount "111"]
[EventDate "2008.09.28"]

1. d4 Nf6 2. Nf3 g6 3. Bf4 Bg7 4. e3 d5 5. Nbd2 O-O 6. Bd3 b6 7. c3 Bb7 8. O-O
Nbd7 9. Re1 Ne4 10. Qc2 Nxd2 11. Qxd2 Nf6 12. Qc2 Re8 13. Ne5 Nd7 14. Bb5 Bxe5
15. dxe5 c6 16. Bd3 Nc5 17. Rad1 Nxd3 18. Rxd3 Qd7 19. e4 Qg4 20. Qd2 dxe4 21.
Rxe4 c5 22. h3 Qe6 23. Re1 Qc6 24. f3 Qe6 25. a3 Ba6 26. Rde3 Rad8 27. Qc2 Bc4
28. Qf2 Rd7 29. Re4 Bd3 30. R4e3 Bc4 31. Bh6 Red8 32. Re4 Rd2 33. Bxd2 Bd3 34.
R4e3 c4 35. g4 b5 36. f4 a6 37. Rg3 Qd7 38. f5 a5 39. e6 fxe6 40. fxe6 Qe8 41.
Bg5 a4 42. Qf7+ Qxf7 43. exf7+ Kxf7 44. Rxe7+ Kg8 45. Rg7+ Kxg7 46. Bxd8 Bc2
47. Re3 Bb1 48. Re5 Ba2 49. Rxb5 Bb3 50. Kf2 Ba2 51. Ke3 Bb3 52. Kd4 Kf7 53.
Rb7+ Kg8 54. Rc7 h6 55. Rxc4 Bxc4 56. Kxc4 1-0

[Event "COMMONWEALTH CHESS CHAMPIONSHI"]
[Site "Nagpur,India"]
[Date "2008.10.02"]
[Round "6.91"]
[White "Navya Vyshnavi Mannepalli"]
[Black "Anuja Bombatkar"]
[Result "1-0"]
[WhiteElo "1752"]
[BlackElo "1927"]
[PlyCount "97"]
[EventDate "2008.09.28"]

1. g3 d5 2. Bg2 g6 3. e3 Bg7 4. Ne2 Nf6 5. d4 O-O 6. O-O c6 7. b3 Bf5 8. Bb2
Na6 9. c4 e6 10. Nbc3 g5 11. f3 Bg6 12. Qd2 h6 13. Nc1 dxc4 14. bxc4 e5 15. d5
Qd6 16. a4 Rfd8 17. Ba3 Qd7 18. e4 cxd5 19. cxd5 Rac8 20. Nd3 Ne8 21. Rfc1 Nd6
22. Bxd6 Qxd6 23. Kh1 b6 24. Nb5 Qd7 25. Rxc8 Rxc8 26. Rc1 Rxc1+ 27. Qxc1 Nb8
28. Nb4 a6 29. Nc3 Bf8 30. Nd3 f6 31. Qb2 Qc7 32. Bh3 Bf7 33. Nd1 h5 34. Ne3
Bg6 35. Be6+ Kh8 36. Qb3 g4 37. Qd1 Nd7 38. Bf5 Bxf5 39. Nxf5 Qc4 40. Kg2 Nc5
41. Nxc5 bxc5 42. d6 Qa2+ 43. Kg1 gxf3 44. Qxf3 Qd2 45. Qxh5+ Kg8 46. Ne7+ Bxe7
47. dxe7 Qd7 48. Qg4+ Qxg4 49. e8=Q+ {Score Sheet is not clear-} 1-0

[Event "COMMONWEALTH CHESS CHAMPIONSHI"]
[Site "Nagpur,India"]
[Date "2008.10.02"]
[Round "6.92"]
[White "Cholleti, Sahajasri"]
[Black "Raghav, srivathsav V"]
[Result "1-0"]
[WhiteElo "1918"]
[BlackElo "1686"]
[PlyCount "55"]
[EventDate "2008.09.28"]

1. d4 Nf6 2. e3 e6 3. Bd3 d5 4. Nd2 b6 5. f4 Bb7 6. Ngf3 Bd6 7. O-O O-O 8. c3
c5 9. Ne5 Re8 10. Rf3 Nc6 11. Rh3 h6 12. g4 Kf8 13. Qf3 c4 14. Bc2 Rc8 15. Nf1
b5 16. Ng3 a5 17. Bd2 b4 18. Rf1 Rc7 19. Nxc6 Bxc6 20. g5 Ng8 21. Bh7 hxg5 22.
Bxg8 Kxg8 23. Qh5 f5 24. fxg5 Kf8 25. Nxf5 e5 26. Qh8+ Kf7 27. Qxg7+ Ke6 28.
Rh6+ 1-0

[Event "COMMONWEALTH CHESS CHAMPIONSHI"]
[Site "Nagpur,India"]
[Date "2008.10.02"]
[Round "6.95"]
[White "Sweety, Patel"]
[Black "Simantini Huchche"]
[Result "0-1"]
[WhiteElo "1902"]
[BlackElo "1588"]
[PlyCount "126"]
[EventDate "2008.09.28"]

1. e4 d5 2. exd5 Qxd5 3. Nc3 Qa5 4. d4 Nf6 5. Nf3 Bg4 6. Bc4 c6 7. Bd2 Qc7 8.
Qe2 e6 9. O-O-O Be7 10. h3 Bh5 11. g4 Bg6 12. Ne5 Nbd7 13. h4 b5 14. Nxd7 Nxd7
15. h5 Bxc2 16. Kxc2 bxc4 17. Qxc4 Nb6 18. Qe2 Nd5 19. a3 Rb8 20. Rb1 Qb6 21.
Nxd5 cxd5 22. Bc3 Qb3+ 23. Kd3 O-O 24. f4 Rfc8 25. Rhc1 Bxa3 26. Ra1 Qc4+ 27.
Ke3 Qxe2+ 28. Kxe2 Bxb2 29. Bxb2 Rxb2+ 30. Ke1 Rxc1+ 31. Rxc1 h6 32. Rc8+ Kh7
33. Rc7 a5 34. Rxf7 Rg2 35. f5 Rxg4 36. fxe6 Re4+ 37. Kf2 Rxe6 38. Ra7 Re4 39.
Rxa5 Rxd4 40. Ke3 Re4+ 41. Kf3 Re5 42. Kg4 Rg5+ 43. Kh4 Kg8 44. Ra8+ Kf7 45.
Ra6 Ke7 46. Ra7+ Ke6 47. Ra6+ Ke5 48. Ra4 d4 49. Ra5+ Kf4 50. Ra8 Ke3 51. Re8+
Kd2 52. Rc8 d3 53. Rc7 Kd1 54. Rd7 d2 55. Rd8 Re5 56. Ra8 Ke1 57. Ra1+ d1=Q 58.
Rxd1+ Kxd1 59. Kg4 Kd2 60. Kh4 Ke3 61. Kg4 Rg5+ 62. Kh4 Kf3 63. Kh3 Rxh5# 0-1

[Event "COMMONWEALTH CHESS CHAMPIONSHI"]
[Site "Nagpur,India"]
[Date "2008.10.02"]
[Round "6.96"]
[White "Madhuri N"]
[Black "Rahul, Joshi"]
[Result "0-1"]
[WhiteElo "1585"]
[BlackElo "1902"]
[PlyCount "94"]
[EventDate "2008.09.28"]

1. d4 f5 2. e3 Nf6 3. Bd3 g6 4. Nd2 Bg7 5. Ngf3 d6 6. e4 fxe4 7. Nxe4 O-O 8.
O-O Bg4 9. Nxf6+ exf6 10. Be2 Nc6 11. c3 Qd7 12. Bf4 Kh8 13. Nd2 Bxe2 14. Qxe2
f5 15. Nf3 h6 16. h3 a6 17. Rfe1 Rae8 18. Qf1 g5 19. Bd2 Qf7 20. Rxe8 Rxe8 21.
Nh2 Ne7 22. Re1 Qxa2 23. Bc1 Qf7 24. Qd3 f4 25. Qf3 c6 26. g4 Ng6 27. Rxe8+
Qxe8 28. Qd1 Nh4 29. Bd2 Qe4 30. Qf1 Bf8 31. f3 Qc2 32. Qc1 Qd3 33. Kf2 c5 34.
dxc5 dxc5 35. Qf1 Qd5 36. Qe2 b5 37. b3 Ng6 38. c4 Qd4+ 39. Kf1 bxc4 40. bxc4
Bg7 41. Be1 Ne5 42. Bf2 Qxc4 43. Qxc4 Nxc4 44. Bxc5 a5 45. Ke2 a4 46. Kd3 a3
47. Kxc4 a2 0-1

[Event "Commonwealth Chess Championship 2008"]
[Site "Nagpur India"]
[Date "2008.10.03"]
[Round "?"]
[White "Krishnan B T, Murali"]
[Black "Deep, Sengupta"]
[Result "1-0"]
[WhiteElo "2412"]
[BlackElo "2454"]
[PlyCount "179"]
[EventDate "2008.09.28"]
[Source "MonRoi"]

1. d4 Nf6 2. c4 g6 3. Nc3 Bg7 4. e4 d6 5. f3 O-O 6. Nge2 c5 7. Be3 Qa5 8. Qd2
Nc6 9. O-O-O cxd4 10. Nxd4 Nxd4 11. Bxd4 Be6 12. Kb1 Rfc8 13. b3 a6 14. Be2 Ne8
15. Bxg7 Nxg7 16. g4 Ne8 17. f4 f6 18. h4 b5 19. f5 Bf7 20. Nd5 Qxd2 21. Rxd2
Bxd5 22. exd5 b4 23. Bd3 Kf7 24. fxg6+ hxg6 25. h5 g5 26. Re2 Ra7 27. Bg6+ Kg7
28. Rhe1 e5 29. dxe6 Re7 30. Rd1 Rc6 31. Bf5 Kh6 32. Red2 Ng7 33. Rxd6 Rxd6 34.
Rxd6 Nxf5 35. gxf5 g4 36. Rd7 g3 37. Rd1 Kxh5 38. Kc2 Kg4 39. Rf1 g2 40. Rg1
Kxf5 41. Rxg2 Rxe6 42. Kd3 Rd6+ 43. Ke3 Rd1 44. Rc2 Ke6 45. Rd2 Rxd2 46. Kxd2
Ke5 47. Ke3 a5 48. Kf3 Kf5 49. Ke3 Ke5 50. Kd3 f5 51. Ke3 f4+ 52. Kd3 Kf5 53.
Kd4 Kg4 54. c5 f3 55. c6 f2 56. c7 f1=Q 57. c8=Q+ Kg5 58. Qc5+ Kg6 59. Qxa5
Qa1+ 60. Kc4 Qc3+ 61. Kb5 Qd2 62. Qxb4 Qxa2 63. Qd6+ Kg7 64. b4 Qe2+ 65. Kb6
Qe3+ 66. Kb7 Qe4+ 67. Ka7 Qe3+ 68. Qb6 Qa3+ 69. Kb8 Qb3 70. b5 Kf7 71. Qc6 Ke7
72. b6 Qg8+ 73. Qc8 Qb3 74. b7 Kf6 75. Qc5 Qg8+ 76. Kc7 Qf7+ 77. Kc6 Qe8+ 78.
Kb6 Qd8+ 79. Ka6 Qd3+ 80. Qb5 Qa3+ 81. Qa5 Qd3+ 82. Ka7 Qd7 83. Qb6+ Kg7 84.
Qc5 Qa4+ 85. Kb6 Qb3+ 86. Kc6 Qa4+ 87. Kc7 Qf4+ 88. Qd6 Qc4+ 89. Kd7 Qb5+ 90.
Kc8 1-0

[Event "Commonwealth Chess Championship 2008"]
[Site "Nagpur India"]
[Date "2008.10.03"]
[Round "?"]
[White "Anup, Deshmukh"]
[Black "Enamul, Hossain"]
[Result "0-1"]
[WhiteElo "2284"]
[BlackElo "2489"]
[PlyCount "98"]
[EventDate "2008.09.28"]
[Source "MonRoi"]

1. c4 c5 2. Nc3 Nc6 3. g3 g6 4. Bg2 Bg7 5. a3 d6 6. Rb1 a5 7. e3 e5 8. Nge2
Nge7 9. O-O O-O 10. b3 Bf5 11. d3 Qd7 12. Ne4 b6 13. N2c3 h6 14. Bb2 Be6 15.
Na4 Rab8 16. Nec3 d5 17. e4 dxe4 18. dxe4 Qxd1 19. Rfxd1 Nd4 20. Bc1 Rfc8 21.
Be3 Bf8 22. Bf1 Nec6 23. Nd5 Bxd5 24. exd5 Ne7 25. Nc3 Nef5 26. Rb2 Nd6 27. Kg2
Bg7 28. f3 N4f5 29. Bc1 e4 30. Nxe4 Bxb2 31. Nxd6 Nxd6 32. Bxb2 Re8 33. Kf2 b5
34. cxb5 Nxb5 35. d6 Nd4 36. Bc4 Red8 37. Bxd4 cxd4 38. Rxd4 Rb6 39. Rd5 Rdxd6
40. Rxa5 Rd2+ 41. Ke3 Rxh2 42. a4 h5 43. Ra6 Rxa6 44. Bxa6 g5 45. Bc4 Ra2 46.
Kd4 h4 47. gxh4 gxh4 48. f4 h3 49. Kc5 Rc2 0-1

[Event "Commonwealth Chess Championship 2008"]
[Site "Nagpur India"]
[Date "2008.10.03"]
[Round "?"]
[White "S P, Sethuraman"]
[Black "Saha, Suvrajit"]
[Result "1/2-1/2"]
[WhiteElo "2425"]
[BlackElo "2367"]
[PlyCount "73"]
[EventDate "2008.09.28"]
[Source "MonRoi"]

1. e4 e5 2. Nf3 Nc6 3. Bb5 a6 4. Ba4 Nf6 5. O-O Nxe4 6. d4 b5 7. Bb3 d5 8. dxe5
Be6 9. c3 Be7 10. Re1 O-O 11. Nbd2 Nc5 12. Nd4 Qd7 13. Bc2 Rad8 14. Qh5 g6 15.
Qh6 f5 16. exf6 Bxf6 17. Nxe6 Nxe6 18. Nf3 Bg7 19. Qh3 Nc5 20. Qxd7 Rxd7 21.
Be3 d4 22. cxd4 Nxd4 23. Bxd4 Bxd4 24. Rad1 Bf6 25. b4 Rxd1 26. Rxd1 Na4 27.
Rd7 Nb6 28. Rxc7 Rc8 29. Bb3+ Kh8 30. Rxc8+ Nxc8 31. Ne1 Bc3 32. Nd3 Ne7 33. f4
Nc6 34. a3 a5 35. Bd5 Nd4 36. bxa5 Bxa5 37. Nb4 1/2-1/2

[Event "Commonwealth Chess Championship 2008"]
[Site "Nagpur India"]
[Date "2008.10.03"]
[Round "?"]
[White "Abhijit, Kunte"]
[Black "Nikil P, Shyam"]
[Result "1/2-1/2"]
[WhiteElo "2554"]
[BlackElo "2364"]
[PlyCount "90"]
[EventDate "2008.09.28"]
[Source "MonRoi"]

1. d4 Nf6 2. c4 c5 3. d5 b5 4. cxb5 a6 5. Nc3 axb5 6. Nxb5 Ba6 7. Nc3 d6 8. Nf3
g6 9. g3 Bg7 10. Bg2 O-O 11. Rb1 Nbd7 12. O-O Qa5 13. Bd2 Rfb8 14. Qc2 Ne8 15.
Rfd1 Nc7 16. a4 Qb6 17. b3 Rb7 18. Be3 Qa5 19. Na2 Rab8 20. h3 Ne8 21. Bd2 Qd8
22. Be1 Rc8 23. Rdc1 Bh6 24. Bd2 Bxd2 25. Qxd2 Nef6 26. b4 cxb4 27. Nxb4 Rxc1+
28. Rxc1 Qa5 29. Rc8+ Kg7 30. Nd4 h6 31. Ndc6 Qxa4 32. Ra8 Nc5 33. Nxa6 Nxa6
34. Qd3 Qa1+ 35. Bf1 Rb1 36. e3 Rd1 37. Rxa6 Qc1 38. Qe2 Nxd5 39. Ra5 Re1 40.
Qd3 Rd1 41. Qe2 Nc3 42. Qa6 Ne4 43. Ra2 Nc3 44. Ra5 Ne4 45. Ra2 Nc3 1/2-1/2

[Event "Commonwealth Chess Championship 2008"]
[Site "Nagpur India"]
[Date "2008.10.03"]
[Round "?"]
[White "K, Priyadharshan"]
[Black "Ponnuswamy, Konguvel"]
[Result "0-1"]
[WhiteElo "2297"]
[BlackElo "2415"]
[PlyCount "120"]
[EventDate "2008.09.28"]
[Source "MonRoi"]

1. e4 c5 2. Nf3 Nc6 3. d4 cxd4 4. Nxd4 g6 5. Nc3 Bg7 6. Be3 Nf6 7. Bc4 O-O 8.
Bb3 d6 9. h3 Na5 10. O-O b6 11. Nd5 Bb7 12. Nxf6+ Bxf6 13. Bh6 Nxb3 14. axb3
Re8 15. Re1 a6 16. c3 Qc7 17. Nc2 a5 18. Qe2 Qd7 19. b4 a4 20. b5 Rec8 21. Na3
Qe6 22. Bf4 Rc7 23. c4 Bd4 24. e5 d5 25. Rad1 Bc5 26. cxd5 Bxd5 27. Be3 Bb3 28.
Rc1 Rac8 29. Bxc5 Rxc5 30. Rxc5 Rxc5 31. Qe3 Kg7 32. Qd4 h6 33. f4 Kh7 34. Kh2
h5 35. Re3 Rd5 36. Qe4 Rd2 37. Re2 Rd1 38. Rf2 Rd5 39. Re2 Kg7 40. Rf2 h4 41.
Qe3 Rc5 42. Qd4 Rd5 43. Qe3 Rc5 44. Qd4 Qf5 45. Re2 Kh7 46. Qe4 Qd7 47. f5 Qxf5
48. Qxh4+ Kg7 49. Qe4 Qg5 50. Qd4 Rc1 51. e6+ f6 52. Qf2 Rd1 53. Re3 Qc5 54.
Qg3 Bxe6 55. Qf4 g5 56. Qg3 Qc1 57. Qf3 Rh1+ 58. Kg3 Rf1 59. Rxe6 Rxf3+ 60.
gxf3 Qg1# 0-1

[Event "Commonwealth Chess Championship 2008"]
[Site "Nagpur India"]
[Date "2008.10.03"]
[Round "?"]
[White "Roy, Saptarshi"]
[Black "Singh, Gajendra"]
[Result "1-0"]
[WhiteElo "2404"]
[BlackElo "2159"]
[PlyCount "57"]
[EventDate "2008.09.28"]
[Source "MonRoi"]

1. e4 e6 2. d4 d5 3. Nc3 Nf6 4. Bg5 dxe4 5. Nxe4 Be7 6. Bxf6 Bxf6 7. Nf3 Nd7 8.
Bd3 Be7 9. Qe2 O-O 10. h4 c5 11. dxc5 Bxc5 12. O-O-O Qc7 13. Kb1 h6 14. g4 Be7
15. g5 h5 16. g6 Ne5 17. gxf7+ Rxf7 18. Nfg5 g6 19. Nxf7 Kxf7 20. Ng5+ Bxg5 21.
hxg5 Nxd3 22. Rxd3 e5 23. Rxh5 Kg7 24. Rh1 Bf5 25. Rc3 Qe7 26. f4 e4 27. Qh2
Rg8 28. Rc7 Bd7 29. Rxd7 1-0

[Event "Commonwealth Chess Championship 2008"]
[Site "Nagpur India"]
[Date "2008.10.03"]
[Round "?"]
[White "Suri, Vaibhav"]
[Black "Arghyadip, Das"]
[Result "0-1"]
[WhiteElo "2081"]
[BlackElo "2404"]
[PlyCount "56"]
[EventDate "2008.09.28"]
[Source "MonRoi"]

1. e4 c5 2. Nf3 a6 3. d4 cxd4 4. Nxd4 Nf6 5. Nc3 e5 6. Nb3 Bb4 7. Bg5 h6 8. Bd2
O-O 9. Bd3 Be7 10. O-O d6 11. Qe2 Nbd7 12. Kh1 b6 13. f4 Bb7 14. Rad1 b5 15.
fxe5 Nxe5 16. Bf4 Qb6 17. Nd5 Nxd5 18. exd5 Bxd5 19. Bxe5 dxe5 20. Qxe5 Qe6 21.
Qh5 Qc6 22. Rf2 Rad8 23. Rdf1 Bg5 24. Qg4 Be3 25. Re2 Bb6 26. Nd2 Rde8 27. Rxe8
Rxe8 28. Nf3 Be4 0-1

[Event "Commonwealth Chess Championship 2008"]
[Site "Nagpur India"]
[Date "2008.10.03"]
[Round "?"]
[White "R, Premnath"]
[Black "Dibyendu, Barua"]
[Result "0-1"]
[WhiteElo "2257"]
[BlackElo "2497"]
[PlyCount "108"]
[EventDate "2008.09.28"]
[Source "MonRoi"]

1. d4 d5 2. c4 e6 3. Nc3 c6 4. e3 f5 5. g4 Nf6 6. gxf5 exf5 7. cxd5 Nxd5 8. Nf3
Nf6 9. Bc4 Bd6 10. Rg1 Qe7 11. Bd2 Nbd7 12. Ng5 Nb6 13. Bf7+ Kd8 14. Bb3 Rf8
15. Nf3 g6 16. Qc2 Be6 17. O-O-O Nbd5 18. Na4 Ne4 19. Ne5 Rc8 20. f3 Nxd2 21.
Qxd2 Kc7 22. Kb1 f4 23. e4 Ne3 24. Bxe6 Qxe6 25. Rc1 Bxe5 26. Nc5 Qe7 27. dxe5
b6 28. Nd3 Kb7 29. Qc3 c5 30. Nxf4 Rxf4 31. Qxe3 Rcf8 32. Rg3 Qxe5 33. Rd1 R8f7
34. Rd5 Qe6 35. Qd3 Rc7 36. Rd6 Qf7 37. a4 c4 38. Qc3 Qe7 39. Rd5 Rxe4 40. a5
Re3 41. Qc2 c3 42. Rg2 cxb2 43. a6+ Kxa6 44. Qa4+ Kb7 45. Rxb2 Re1+ 46. Rd1 Qe3
47. Ka2 Qe6+ 48. Kb1 Qc4 49. Qxc4 Rxd1+ 50. Kc2 Rxc4+ 51. Kxd1 a5 52. Kd2 Ka6
53. Kd3 Rc7 54. f4 a4 0-1